000 00811nam a2200229 i 4500
005 20090821121534.0
008 780523r1978 paua b 001 0 eng
010 _aENG-94783
020 _c100.00
035 _aEN-78316
037 _bDBAD / PUB
040 _adpl
_bEnglish
082 _a595.7
100 _aMalaikozhundan, B.
245 _aBiology of insects /
_cby B. Malaikozhundan
260 _aKaraikudi
_bTBS Publications
_c2008
270 _a21, Subramaniapuram 9th Street, South Extn.
_bKaraikudi
300 _a148p. :
_bill. ;
_c22cm(pbk)
650 _aInsects.
942 _2ddc
_cEN
_h595.7
_mMAL
999 _c29374
_d29374